000 00549nam a22001697a 4500
005 20251108164147.0
008 250721s1991 xx 000 0 ara d
082 1 4 _a219/عبد
100 1 _aالسحار، عبد الحميد جوده
245 1 0 _aأضواء على السيرة النبوية و مقارنة بين الأديان /
264 1 _aالقاهرة :
_bمكتبة مصر،
_c1991.
300 _a303ص.
650 1 7 _aالسيرة النبوية
650 1 7 _aالديانات المقارنة
942 _2ddc
_cBK
999 _c5169
_d5169